00524 2200193 4500001002100000005001500021008004100036020001800077035001900095041000700114082001000121090001600131100002500147245006900172250001000241260003400251300003600285650000900321INLIS00000000001575220241224115008241224||||||||| | ||| |||| || |  a979-556-133-2 0010-1224015752 aid0 a2x5.1 a2x5.1 ALI b0 aAbdul Qadir Djaelani00abersitan-bersitan hati (jala' al-khawathir): 45 hikmah kebajikan aCet.1 aSurabayabrisalah gustic2004 axxv + 423 hlm,; 14,5 cm x 23 cm 0ahati